000 00415nam a2200181Ia 4500
008 210210b1909 xxu||||| |||| 00| 0 eng d
041 _aeng
082 _a520/111
100 _aMILHAM (Willis I)
245 _aHow to identify the stars
260 _aNew York
_bThe Macmillan Co
_c1909
300 _av,64
650 _astars
650 _aidentify
650 _aHow
690 _aAstronomy
906 _a008096
999 _c125976
_d125976